Refranes famosísimos y provechosos glosados (Record no. 182969)

MARC details
000 -LEADER
campo de control de longitud fija 01147nam a2200265 i 4500
001 - NÚMERO DE CONTROL
campo de control 182969
003 - IDENTIFICADOR DE NÚMERO DE CONTROL
campo de control ES-MaACL
005 - FECHA Y HORA DE LA ÚLTIMA TRANSACCIÓN
campo de control 20250822090136.0
008 - DATOS DE LONGITUD FIJA--INFORMACIÓN GENERAL
campo de control de longitud fija 140108r20051509sp |||| | spa d
020 ## - NÚMERO INTERNACIONAL ESTÁNDAR DEL LIBRO
Número Internacional Estándar del Libro 84-934365-0-X
080 ## - NÚMERO DE LA CLASIFICACIÓN DECIMAL UNIVERSAL
Número de la Clasificación Decimal Universal 398.9(460)(082.2)
245 00 - MENCIÓN DEL TÍTULO
Título Refranes famosísimos y provechosos glosados
Resto del título : edición facsímil de la de Burgos, Fadrique de Basilea, 1509 /
Mención de responsabilidad, etc. edición, Fermín de los Reyes Gómez ; estudios, Jesús Cantera ... [et al.] ; transcripción, Susana Vilches.
260 ## - PUBLICACIÓN, DISTRIBUCIÓN, ETC.
Lugar de publicación, distribución, etc. [Burgos] :
Nombre del editor, distribuidor, etc. Fundación Instituto Castellano y Leonés de la Lengua,
Fecha de publicación, distribución, etc. [2005]
300 ## - DESCRIPCIÓN FÍSICA
Extensión 146 p., [28] p. :
Otras características físicas il. ;
Dimensiones 23 cm.
490 1# - MENCIÓN DE SERIE
Mención de serie Libros singulares ;
Designación de volumen o secuencia 2
650 #4 - PUNTO DE ACCESO ADICIONAL DE MATERIA--TÉRMINO DE MATERIA
Término de materia o nombre geográfico como elemento de entrada Refranes y proverbios-
Subdivisión geográfica España.
9 (RLIN) 16726
700 1# - ENTRADA AGREGADA--NOMBRE PERSONAL
Nombre de persona Reyes Gómez, Fermín de los.
9 (RLIN) 96584
700 1# - ENTRADA AGREGADA--NOMBRE PERSONAL
Nombre de persona Cantera, Jesús
Fechas asociadas al nombre 1923-2017
9 (RLIN) 34641
700 1# - ENTRADA AGREGADA--NOMBRE PERSONAL
Nombre de persona Vilches Crespo, Susana.
9 (RLIN) 154087
830 0# - PUNTO DE ACCESO ADICIONAL DE SERIE-TÍTULO UNIFORME
Título uniforme Libros singulares ;
Designación de volumen o secuencia 2
9 (RLIN) 191853
852 ## - LOCALIZACIÓN
Ubicación ES-MaACL
Número de control de estantería A-12933
itemnumber 189902
Sublocalización o colección R.149783
Ubicación en estantería Depósito 1
Signatura antigua Olim: N-5933
Encuadernación Donación: Real Academia Española
914 ## - NOMBRE ENTIDAD DE DONANTE
RLIN 6336
Nombre de congreso/reunión o jurisdicción como elemento de entrada Real Academia Española
Unidad subordinada Donante
942 ## - ELEMENTOS DE ENTRADA SECUNDARIOS (KOHA)
Fuente del sistema de clasificación o colocación Clasificación decimal universal
Tipo de ítem Koha Libro impreso
Holdings
Estatus retirado Estado de pérdida Fuente del sistema de clasificación o colocación Estado de daño No para préstamo Biblioteca de origen Biblioteca actual Ubicación en estantería Fecha de adquisición Fuente de adquisición Total de préstamos Signatura topográfica completa Código de barras Visto por última vez Precio de reemplazo Tipo de ítem Koha
    Clasificación decimal universal     Biblioteca del Ateneo de Madrid Biblioteca del Ateneo de Madrid Depósito 1 08/01/2014 Donación   A-12933 1192304 23/02/2023 23/02/2023 Libro impreso